Manual de fertirrigación

Guardat en:
Dades bibliogràfiques
Autor principal: Martínez Barrera, Leoncio Francisco (autor)
Format: Llibre
Idioma:espanyol
Publicat: Huasco Instituto de Investigaciones Agropecuarias 1998
Huasco Centro Regional de Investigación Intihuasi 1998
Matèries:
Etiquetes: Afegir etiqueta
Sense etiquetes, Sigues el primer a etiquetar aquest registre!

MARC

LEADER 00000nam a2200000 a 4500
001 UCM7876
003 CL-VaPUC
008 030110e19980000cl |||||||||||||||||spa|d
082 0 4 |a 631.816  |b MAR  |2 21 
100 |a Martínez Barrera, Leoncio Francisco  |e autor  |9 526679 
245 1 0 |a Manual de fertirrigación 
300 |a 76 p 
942 |c BK 
945 |d 20030110 00:00:00  |a lriquelm 
260 |a Huasco  |b Instituto de Investigaciones Agropecuarias  |c 1998 
260 |a Huasco  |b Centro Regional de Investigación Intihuasi  |c 1998 
650 0 |a Fertirrigación  |9 392250 
650 7 |a FERTILIZANTES LIQUIDOS  |2 CL-VaPUC  |9 473619 
650 7 |a NUTRIENTES  |2 CL-VaPUC  |9 345765 
650 7 |a SOLUCIONES NUTRITIVAS  |2 CL-VaPUC  |9 473620 
650 7 |a METODOS DE APLICACION  |2 CL-VaPUC  |9 340440 
583 |a last modification  |c 20171114 02:12:28  |k Rodrigo Vera 
999 |c 302530  |d 302528